000 00926nam a22002657a 4500
003 dpl
005 20180716140210.0
008 080611t xxu||||| |||| 00| 0 eng d
010 _aB-262654-660
020 _a1405416719
_c295.00
035 _aB-262654-660, A-822072
040 _aDPL
_bEN
_c0
082 _aS
100 _aSewell, Anna
245 _aBlack beauty /
_cby Anne Sewell; illustrated by Kate Aldous
260 _bParragon Book
_c2007
_aBath
260 _bParragon Book
_c2007
_aBath
270 _aQueen Street House, 4, Queen Street
_bBath
270 _aQueen Street House, 4, Queen Street
_bBath
300 _a288p.:
_c25 cm (Hb)
_bcol. ill.
500 _aThe nursery collection
700 _aAldous, Kate
942 _cEN
_hS
_2ddc
_mSEW
999 _c13576
_d13576